Green-Eyed monster / (Record no. 4830)

MARC details
000 -LEADER
fixed length control field 01303nam a22002897a 4500
001 - CONTROL NUMBER
control field 4830
003 - CONTROL NUMBER IDENTIFIER
control field FISKH
005 - DATE AND TIME OF LATEST TRANSACTION
control field 20260423082830.0
008 - FIXED-LENGTH DATA ELEMENTS--GENERAL INFORMATION
fixed length control field 241017b cb ||||| |||| 00| 0 eng d
020 ## - INTERNATIONAL STANDARD BOOK NUMBER
International Standard Book Number 9781416978442
040 ## - CATALOGING SOURCE
Original cataloging agency FISKH
Language of cataloging eng
Transcribing agency FISKH
Modifying agency FISKH
050 ## - LIBRARY OF CONGRESS CALL NUMBER
Classification number PZ7.K23
082 ## - DEWEY DECIMAL CLASSIFICATION NUMBER
Classification number 813.52
100 ## - MAIN ENTRY--PERSONAL NAME
Personal name Keene, Carolyn
245 ## - TITLE STATEMENT
Title Green-Eyed monster /
Statement of responsibility, etc. by Carolyn Keene
250 ## - EDITION STATEMENT
Edition statement First Aladin paperback edition December 2009
260 ## - PUBLICATION, DISTRIBUTION, ETC.
Place of publication, distribution, etc. New York :
Name of publisher, distributor, etc. Simon & Schuster, Inc.
Date of publication, distribution, etc. 2009 .
300 ## - PHYSICAL DESCRIPTION
Extent 163 pages :
Other physical details iilustrations ;
Dimensions 20 cm .
490 ## - SERIES STATEMENT
Series statement Nancy Drew: Girl Detective
505 ## - FORMATTED CONTENTS NOTE
Formatted contents note R <br/>
520 ## - SUMMARY, ETC.
Summary, etc. Nancy Drew and her friend George Bess win a vacation to an eco-resort in Costa Rica. But after a string of increasingly dangerous "accidents," it seems that there is a jealous predator staying at the resort, making trouble for the management and the guests. Against the urging of her friends, Nancy takes on the case to get to the bottom of it before the entire week at Casa Verde is ruined -- or worse. Can she uncover who is sabotaging the resort before it's too late? Or will their vacation come to an unhappy end?
521 8# - TARGET AUDIENCE NOTE
Target audience note 760 <br/>
Source Lexile <br/>
521 8# - TARGET AUDIENCE NOTE
Target audience note R <br/>
Source Raz-Plus <br/>
650 ## - SUBJECT ADDED ENTRY--TOPICAL TERM
Topical term or geographic name entry element mistery
Form subdivision fiction
942 ## - ADDED ENTRY ELEMENTS (KOHA)
Source of classification or shelving scheme Dewey Decimal Classification
Koha item type Books
Suppress in OPAC No
Holdings
Withdrawn status Lost status Source of classification or shelving scheme Damaged status Not for loan Collection Home library Current library Shelving location Date acquired Total Checkouts Full call number Barcode Date last seen Date last checked out Price effective from Koha item type
    Dewey Decimal Classification     Fiction Footprints International School Library Network Toul Tom Poung Campus Footprints International School Library Network Toul Tom Poung Campus TTP Primary Orange Bookshelves 10/17/2024 1 KEE 813.52 PZ7.K23 FIS05594 04/23/2026 03/11/2026 10/17/2024 Books